00359nam a22001337a 4500003000700000005001700007008004100024082002400065100002300089245003900112260004300151300000800194650002300202MPLRDC20220104125730.0210129b ||||| |||| 00| 0 eng d a049.41 JZF v.1 1985 a姜椿芳总编辑 a简明不列颠百科全书. 一c ab中国大百科全书出版社c1985 b精 a各国百科全书